000 00518nam a2200169Ia 4500
008 090711s9999 xx 000 0 und d
082 _b46225
100 _aभावे पुरुषोत्तम भा.
245 _aSाटई
260 _bमेनका प्रकाशन
_c1982
300 _a207
600 _aभावे पुरुषोत्तम भा.
630 _aSाटई
700 _aभावे पुरुषोत्तम भा.
730 _aSाटई
942 _cBOOK
999 _c331024
_d331024